000
00296nam a22001217a 4500
003
SGT
082
_a
617.024
_b
B15B
100
_a
BOTTING, JONATHAN
245
_a
BROWN'S SKIN & MINOR SURGERY A TEXT BOOK AND COLOR ATLAS
260
_a
LONDON
_b
CRC PRESS
_c
2015
300
_a
330
942
_2
ddc
_c
BK
999
_c
14905
_d
14905